000 00656nam a2200205Ii 4500
003 JO-AjNU
008 230605s9999||||xx |||||||||||||| ||und||
040 _aJO-AjNU
_bara
_erda
_cJO-AjNU
041 _aara
050 1 4 _aBF575.A6.H3.1985
100 3 _aالهيتي،مصطفى عبد السلام,
_eauthor
_913124
245 0 0 _aالقلق:دراسات عن القلق والامراض النفسية الشائعة
250 _aط2
264 3 1 _aبغداد:مكتبة النهضة ،1985
300 _a144ص
336 _atext
_btxt
_2rdacontent
337 _aunmediated
_bn
_2rdamedia
338 _avolume
_bnc
_2rdacarrier
650 4 _aقلق
_913125
999 _aA3184
_c6752
_d6752